000 00203 a2200109 4500
020 _a0439168198
041 _aspa
100 _aGold, Becky
245 _aSunprise, Angelica!
942 _cBK
952 _71
999 _c22121
_d22121